Le Réseau de la STIB (Bruxelles) : les Terminus - Statistiques

Statistiques générales
  • Ce quiz a été pris 992 fois
  • Le résultat moyen est 62 sur 152
Statistiques - réponses
Ligne Réponse % Correct
Elisabeth
86%
2 | 9 | 87 Simonis
86%
5 Erasme
84%
Stockel
84%
1 Gare de l'Ouest
83%
4 | 57 | 61 Gare du Nord
81%
8 | 97 Louise
76%
49 | 50 Gare du Midi
75%
Hermann-Debroux
74%
Heysel
73%
29 | 71 | 88 De Brouckère
68%
38 | 52 | 63 | +2 others Gare Centrale
68%
39 | 44 Montgomery
67%
Rogier
67%
6 Roi Baudouin
67%
7 Vanderkindere
64%
Churchill
61%
Stalle (P)
59%
Delta
57%
42 | 45 Roodebeek
56%
34 | 64 | 80 Porte de Namur
54%
41 | 75 Heros
51%
81 Marius Renard
50%
3 Esplanade
48%
69 | 92 Schaerbeek Gare
48%
51 | 93 Stade
47%
95 Grand-Place
46%
Brussels City (Trone)
45%
36 | 56 Schuman
45%
54 Trone
45%
Fort-Jaco
43%
Wiener
43%
18 | 37 Albert
41%
25 Boondael Gare
40%
12 Brussels Airport
40%
Hôpital Militaire
39%
82 | 83 Gare de Berchem
37%
Legrand
37%
27 Luxembourg
34%
72 ULB
32%
53 | 89 Westland Shopping
32%
Forest (Bervoets)
31%
De Wand
28%
62 Eurocontrol
28%
60 Ambiorix
27%
Beekkant
27%
Drogenbos
27%
Konkel
27%
Ban-Eik
26%
55 Da Vinci
25%
76 | 77 | 79 Kraainem
25%
21 Maes
24%
Tervuren Station
24%
14 UZ-VUB
24%
73 CERIA
23%
13 Etangs Noirs
23%
19 Groot-Bijgaarden
23%
Transvaal
22%
Van Haelen
22%
Bordet Station
21%
Cimetière de Jette
21%
Dieweg
21%
ADEPS
20%
48 Anneessens
19%
17 Beaulieu
19%
Haren
19%
Hof ten Berg
19%
Sainte-Anne
19%
Bockstael
18%
Bon Air
18%
28 Brabançonne
18%
Decroly
18%
33 Dansaert
17%
Péage
17%
59 Hôpital Etterbeek-Ixelles
16%
46 Moortebeek
16%
Cimetière de Bruxelles
15%
Lot Station
15%
Vivier d'oie
15%
Gare de Linkebeek
14%
20 Hunderenveld
14%
Machelen
14%
43 Observatoire
14%
Saint-Vincent
14%
Uccle Calevoet
14%
58 Vilvoorde Station
14%
Buda
13%
Pleiades
13%
86 Machtens
12%
Heiligenborre
11%
Viaduc E40
11%
Clémence Everard
10%
90 Jacques Brel
10%
74 Uccle-Stalle
9%
78 Humanité
8%
Val Maria
8%
47 Heembeek
7%
Hippodrome
7%
Peterbos
7%
Albert II
6%
Oppem
6%
Jules Bordet
5%
WTC-Glibert
3%
Aucun quiz correspondant
Distribution des résultats
% des personnes avec chaque résultat
Percentile par nombre de réponses
Votre historique - résultats
Vous n’avez pas pris ce quiz